[Event "III Dolnoslaska Liga Szachowa 2017/2018"]
[Site "Dolny Slask"]
[Date "1899-12-30"]
[Round "9.13"]
[White "Malecki, Mateusz"]
[Black "Kulczycki, Krzysztof"]
[Result "0-1"]
[WhiteTitle "II"]
[BlackTitle "II"]
[WhiteElo "1598"]
[BlackElo "1725"]

1. e4 e6 2. Nf3 d5 3. Nc3 Bb4 4. exd5 exd5 5. d4 Nf6 6. a3 Bd6 7. Bd3 O-O 8. O-O
Bg4 9. h3 Bh5 10. Bg5 c6 11. g4 Bg6 12. Bxg6 fxg6 13. Ne5 Nbd7 14. Re1 Qb6 15.
b4 Rae8 16. Be3 Qc7 17. f4 Nxe5 18. fxe5 Bxe5 19. Kh1 Bf4 20. Qd2 Bxe3 21. Rxe3
Qf4 22. Rae1 h5 23. gxh5 Nxh5 24. Kg2 Qg5+ 25. Kh2 Ng3 26. R3e2 Qxd2 27. Rxd2
Rxe1 28. Kxg3 Re3+ 0-1

[Event "III Dolnoslaska Liga Szachowa 2017/2018"]
[Site "Dolny Slask"]
[Date "1899-12-30"]
[Round "9.14"]
[White "Zdziarska-zareba, Lidia"]
[Black "Karykowska, Anna"]
[Result "1/2-1/2"]
[WhiteTitle "k+"]
[BlackTitle "I++"]
[WhiteElo "1860"]
[BlackElo "1927"]

1. e4 c5 2. Nf3 a6 3. Nc3 b5 4. d4 e6 5. a3 Bb7 6. Bd3 cxd4 7. Nxd4 Nc6 8. Be3
Nge7 9. O-O Nxd4 10. Bxd4 Nc6 11. Be3 Be7 12. f4 d6 13. Qg4 Bf6 14. Rf3 Rc8 15.
Rd1 Qa5 16. Bd2 Qb6+ 17. Be3 Bd4 18. Re1 g6 19. Kh1 O-O 20. Rh3 Qd8 21. Bxd4 Nxd4
22. Rh6 Kg7 23. Qh3 Rh8 24. f5 Qg5 25. Rh4 Rce8 26. Rf1 exf5 27. Rhf4 Ne6 28.
R4f2 f4 29. Ne2 Rhf8 30. Nxf4 Nxf4 31. Rxf4 d5 32. exd5 Bxd5 33. R4f2 Bc6 34.
Be2 Re3 35. Bf3 Qe5 36. c3 Bxf3 37. Rxf3 Re2 38. Qd7 Qe7 39. Qd4+ Kg8 40. R3f2
Re4 41. Qd5 Re5 42. Qd4 Re4 1/2-1/2

[Event "III Dolnoslaska Liga Szachowa 2017/2018"]
[Site "Dolny Slask"]
[Date "1899-12-30"]
[Round "9.15"]
[White "Borkowski, Franciszek"]
[Black "Laszewicz, Pawel"]
[Result "0-1"]
[WhiteTitle "IM"]
[BlackTitle "k"]
[WhiteElo "2286"]
[BlackElo "2077"]

1. e4 c6 2. d4 d5 3. Nd2 dxe4 4. Nxe4 Nf6 5. Nxf6+ exf6 6. Bc4 Bd6 7. Ne2 O-O 8.
Bf4 Bxf4 9. Nxf4 Re8+ 10. Ne2 Qb6 11. Bb3 a5 12. a4 Be6 13. Bxe6 Rxe6 14. b3 Qb4+
15. Qd2 Na6 16. Kd1 Rae8 17. Re1 Qd6 18. g3 Qd5 19. f4 Nb4 20. Rb1 Qf3 21. Rb2
Nd5 22. f5 Rxe2 23. Rxe2 Rxe2 0-1

[Event "III Dolnoslaska Liga Szachowa 2017/2018"]
[Site "Dolny Slask"]
[Date "1899-12-30"]
[Round "9.16"]
[White "Siembab, Bartosz"]
[Black "Walentukiewicz, Michal"]
[Result "0-1"]
[WhiteTitle "k++"]
[BlackTitle "CM"]
[WhiteElo "2252"]
[BlackElo "2011"]

1. d4 Nf6 2. c4 e6 3. Nf3 c5 4. Nc3 cxd4 5. Nxd4 Bb4 6. Qb3 Bc5 7. e3 O-O 8. Be2
Nc6 9. Nxc6 bxc6 10. O-O d5 11. Qc2 e5 12. Rd1 Bb6 13. cxd5 cxd5 14. Nxd5 Nxd5
15. Rxd5 Qxd5 16. Bf3 Qa5 17. Bd2 Bf5 18. e4 Qb5 19. exf5 Rac8 20. Bc3 Bd4 21.
f6 Bxc3 22. bxc3 g6 23. Qd2 Qb6 24. Qg5 Rxc3 25. Qxe5 Rc2 26. Rf1 Rc5 27. Qe7
Rf5 28. h4 Rxf6 29. h5 Kg7 30. Rc1 Qd8 31. Qxa7 Rxf3 0-1

[Event "III Dolnoslaska Liga Szachowa 2017/2018"]
[Site "Dolny Slask"]
[Date "1899-12-30"]
[Round "9.17"]
[White "Bes, Michal"]
[Black "Majocha, Piotr"]
[Result "1-0"]
[WhiteTitle "I"]
[BlackTitle "I"]
[WhiteElo "2090"]
[BlackElo "1902"]

1. e4 e6 2. Nf3 d5 3. e5 c5 4. b4 cxb4 5. a3 Bd7 6. axb4 Bxb4 7. c3 Be7 8. d4 Qc7
9. Bd3 Nc6 10. Ng5 Bxg5 11. Bxg5 h6 12. Bc1 Nge7 13. O-O a6 14. Ba3 Na7 15. Bd6
Qd8 16. Na3 Nec8 17. Qg4 Qg5 18. Qxg5 hxg5 19. Bc7 Bc6 20. f4 Kd7 21. fxg5 Kxc7
22. Rxf7+ Bd7 23. Rxg7 Nb6 24. Rf1 Rag8 25. Rff7 Rxg7 26. Rxg7 Kd8 27. Bh7 Nc6
28. g6 Ke8 29. Rf7 Rf8 30. Rxd7 Nxd7 31. g7 Kf7 32. gxf8=Q+ Nxf8 33. Bd3 Ng6 34.
Kf2 Na5 35. g4 Nb3 36. Kg3 Kg7 37. h4 Nc1 38. Bf1 b5 39. Nb1 Ne7 40. Kf4 Kh6 41.
g5+ Kh5 42. Bh3 Kxh4 43. Bxe6 Ne2+ 44. Ke3 Ng3 45. g6 Kg5 46. Bf7 Ngf5+ 47. Kd3
Nxg6 48. Bxd5 Nf4+ 49. Ke4 Ng3+ 50. Kf3 Nxd5 51. Kxg3 Kf5 52. Kf3 b4 53. c4 Nb6
54. Nd2 a5 55. Ke3 a4 56. Kd3 a3 57. c5 a2 58. Nb3 Nd5 59. Kc4 Ke4 60. c6 Nc7
61. Na1 Nd5 62. e6 Nc7 63. e7 Kf5 64. d5 Ke5 65. Kc5 Ne8 66. Nb3 Kf6 67. d6 Ke6
68. d7 Kxe7 69. dxe8=R+ Kxe8 70. Kb6 1-0

[Event "III Dolnoslaska Liga Szachowa 2017/2018"]
[Site "Dolny Slask"]
[Date "1899-12-30"]
[Round "9.18"]
[White "Szydelko, Marcin"]
[Black "Zombirt, Filip"]
[Result "1-0"]
[WhiteTitle "I++"]
[BlackTitle "I+"]
[WhiteElo "1943"]
[BlackElo "1929"]

1. e4 d5 2. exd5 Nf6 3. Nc3 Nxd5 4. Bc4 Nb6 5. Bb3 Nc6 6. Nf3 Bf5 7. O-O e6 8.
d4 Be7 9. Bf4 O-O 10. h3 Bf6 11. Nb5 Rc8 12. Ne5 Bxe5 13. dxe5 a6 14. Nc3 Nd4
15. Rc1 c5 16. Be3 Nxb3 17. axb3 Qh4 18. Qf3 Qe7 19. Qg3 Nd5 20. Nxd5 exd5 21.
Bg5 Qe6 22. f4 Qg6 23. Qe3 d4 24. Qf3 h6 25. Be7 Rfe8 26. Bd6 b5 27. Kh2 h5 28.
Rg1 Bxc2 29. g4 Be4 30. Qf2 Qe6 31. f5 Qxb3 32. Rg3 Qd5 33. gxh5 Kh7 34. Rcg1
Rg8 35. Qf4 d3 36. Rg6 d2 37. Qg5 Bg2 38. f6 1-0

[Event "III Dolnoslaska Liga Szachowa 2017/2018"]
[Site "Dolny Slask"]
[Date "1899-12-30"]
[Round "9.20"]
[White "Stelmaszuk, Maciej"]
[Black "Daniel, Damian"]
[Result "0-1"]
[WhiteTitle "I"]
[BlackTitle "I++"]
[WhiteElo "1929"]
[BlackElo "2094"]

1. d4 Nf6 2. c4 e6 3. Nc3 Bb4 4. Qc2 O-O 5. Nf3 b6 6. g3 Ba6 7. a3 Be7 8. b3 d5
9. cxd5 exd5 10. Bg2 c5 11. O-O Nbd7 12. Ne5 Rc8 13. Nxd7 Qxd7 14. dxc5 d4 15.
Ne4 Nxe4 16. Bxe4 Rxc5 17. Qd1 Qe6 18. Bd3 Bb7 19. Bb2 Rh5 20. f3 Rd8 21. Rf2
Bg5 22. Bc1 Be3 23. Bxe3 dxe3 24. Rg2 Rhd5 25. Qf1 Qd6 26. h4 Bc8 27. g4 Rd4 28.
Qe1 Be6 29. Qb1 h5 30. gxh5 Rxh4 31. Qb2 Qd4 32. Qxd4 Rdxd4 33. Rg5 f6 34. Rg2
Rxh5 35. b4 Rdh4 0-1

[Event "III Dolnoslaska Liga Szachowa 2017/2018"]
[Site "Dolny Slask"]
[Date "1899-12-30"]
[Round "9.21"]
[White "Kowalczuk, Wojciech"]
[Black "Olszewski, Pawel"]
[Result "1-0"]
[WhiteTitle "k"]
[BlackTitle "II"]
[WhiteElo "2043"]
[BlackElo "1842"]

1. e4 e5 2. Nf3 Nc6 3. d4 exd4 4. Nxd4 Nf6 5. Nxc6 bxc6 6. e5 Qe7 7. Qe2 Nd5 8.
c4 Ba6 9. b3 g6 10. f4 Bg7 11. Qf2 Nf6 12. Be2 Ne4 13. Qe3 f5 14. Ba3 d6 15. Nd2
Nxd2 16. Qxd2 O-O-O 17. O-O Bb7 18. Rad1 c5 19. Qa5 Kb8 20. Bf3 Bxf3 21. Rxf3
dxe5 22. Rfd3 Rxd3 23. Rxd3 exf4 24. Bxc5 Qe4 25. Qxa7+ Kc8 26. Qa6+ Qb7 27. Qe6+
Kb8 28. Rd5 Qc8 29. Qc6 Qb7 30. Qd7 Bc3 31. b4 Qa6 32. Bf2 Qxc4 33. Rc5 1-0

[Event "III Dolnoslaska Liga Szachowa 2017/2018"]
[Site "Dolny Slask"]
[Date "1899-12-30"]
[Round "9.22"]
[White "Szyler, Bartosz"]
[Black "Szmyd, Marek"]
[Result "1-0"]
[WhiteTitle "I"]
[BlackTitle "k"]
[WhiteElo "1772"]
[BlackElo "1940"]

1. e4 c5 2. Nf3 d6 3. d4 cxd4 4. Nxd4 Nf6 5. Nc3 g6 6. Be3 Bg7 7. Bc4 O-O 8. f3
Nc6 9. Qd2 Bd7 10. O-O-O Rc8 11. Bb3 Na5 12. Kb1 Nc4 13. Bxc4 Rxc4 14. g4 Qc8
15. h4 h5 16. Rdg1 e5 17. Nf5 gxf5 18. gxf5 Kh7 19. Rg3 Bc6 20. Rhg1 Rg8 21. Qg2
Qf8 22. Bg5 Bh8 23. Qe2 Rxc3 24. bxc3 d5 25. Bxf6 Rxg3 26. Rxg3 Bxf6 27. f4 Kh6
28. fxe5 Bd8 29. exd5 Bxd5 30. f6 Bc7 31. Rg5 Be6 32. Rxh5+ 1-0

[Event "III Dolnoslaska Liga Szachowa 2017/2018"]
[Site "Dolny Slask"]
[Date "1899-12-30"]
[Round "9.23"]
[White "Borowski, Przemyslaw"]
[Black "Miarecka, Natalia"]
[Result "1-0"]
[WhiteTitle "I"]
[BlackTitle "II"]
[WhiteElo "1797"]
[BlackElo "1002"]

1. Nf3 d5 2. c4 dxc4 3. Na3 Nf6 4. Nxc4 Nc6 5. g3 Be6 6. Ne3 Qd6 7. Bg2 O-O-O 8.
Ng5 g6 9. Nxe6 Qxe6 10. d3 Kb8 11. Bd2 Bg7 12. O-O a6 13. Rc1 Rd6 14. Nc4 Rd7
15. Bxc6 bxc6 16. Qa4 c5 17. Na5 Qb6 18. Be3 Rd5 19. b4 Nd7 20. bxc5 Nxc5 21.
Bxc5 Rxc5 22. Rxc5 Qxc5 23. Nc6+ Kc8 24. Rb1 Kd7 25. Nb8+ Kd6 26. Qd7+ Ke5 27.
d4+ Qxd4 28. Nc6+ Ke4 29. Nxd4 Bxd4 30. Qxe7+ Be5 31. f3+ Kf5 32. e4# 1-0

[Event "III Dolnoslaska Liga Szachowa 2017/2018"]
[Site "Dolny Slask"]
[Date "1899-12-30"]
[Round "9.25"]
[White "Dowgird, Filip"]
[Black "Swicarz, Maciej"]
[Result "0-1"]
[WhiteTitle "k"]
[BlackTitle "m"]
[WhiteElo "2259"]
[BlackElo "2363"]

1. Nf3 d5 2. d4 Nf6 3. Bf4 c5 4. e3 Nc6 5. c3 Qb6 6. Qb3 c4 7. Qc2 Bf5 8. Qc1 Nh5
9. Bg5 f6 10. Bh4 g5 11. Bg3 e6 12. Nbd2 Bg6 13. Be2 Rc8 14. O-O Be7 15. b3 cxb3
16. axb3 Nxg3 17. hxg3 h5 18. c4 Bb4 19. Qb2 Qc7 20. Rfc1 h4 21. g4 Qh7 22. Nh2
O-O 23. Bf3 Rcd8 24. cxd5 exd5 25. Nb1 Rd7 26. Nc3 Qf7 27. Qe2 a6 28. Na4 Re7
29. Qd1 Rd8 30. Nc5 Qe8 31. Nd3 Bxd3 32. Qxd3 Kg7 33. Nf1 Qg6 34. Qxg6+ Kxg6 35.
Be2 Rc7 36. Bd3+ Kf7 37. Bf5 Ke7 38. g3 hxg3 39. Nxg3 Bd6 40. Nh5 Kf7 41. Kg2
Rh8 42. Bd3 Ne7 43. Rxc7 Bxc7 44. b4 Ra8 45. Kf3 Bd6 46. b5 a5 47. Bc2 Rc8 48.
Bd1 b6 49. Ke2 Rc3 50. Kd2 Bb4 51. Ke2 Nc8 52. Ng3 Nd6 53. Ba4 Ke6 54. f3 Nc4
55. Nf5 Nb2 56. Bd1 Rd3 57. Ba4 Rd2+ 58. Kf1 Nc4 59. Rc1 Ra2 60. Bd1 Bd2 61. Rc2
Rxc2 62. Bxc2 Nxe3+ 63. Ke2 Nxc2 64. Kxd2 Na3 0-1

[Event "III Dolnoslaska Liga Szachowa 2017/2018"]
[Site "Dolny Slask"]
[Date "1899-12-30"]
[Round "9.26"]
[White "Zeberski, Jakub"]
[Black "Dobrowolski, Aleksander"]
[Result "1-0"]
[WhiteTitle "IM"]
[BlackTitle "m"]
[WhiteElo "2323"]
[BlackElo "2272"]

1. e4 c5 2. Nf3 Nc6 3. d4 cxd4 4. Nxd4 g6 5. c4 Nf6 6. Nc3 d6 7. Nc2 Bg7 8. Be2
O-O 9. O-O Nd7 10. Bd2 Nc5 11. b4 Ne6 12. Rc1 a5 13. a3 axb4 14. axb4 Ned4 15.
Nxd4 Nxd4 16. Be3 Nxe2+ 17. Qxe2 Be6 18. Rfd1 Bxc3 19. Rxc3 Ra4 20. e5 Rxb4 21.
Bg5 Qc7 22. exd6 exd6 23. Bf6 h6 24. Qd2 Kh7 25. Rh3 Bxh3 26. Qxb4 Be6 27. Ba1
Qxc4 28. Qb2 f6 29. Rxd6 Qa2 30. Qxb7+ Rf7 31. Qb2 Qxb2 32. Bxb2 Rb7 33. Rxe6
Rxb2 34. Re7+ Kg8 35. g4 1-0

[Event "III Dolnoslaska Liga Szachowa 2017/2018"]
[Site "Dolny Slask"]
[Date "1899-12-30"]
[Round "9.27"]
[White "Pankiewicz, Tomasz"]
[Black "Piotrowski, Przemyslaw"]
[Result "1-0"]
[WhiteTitle "k"]
[BlackTitle "k+"]
[WhiteElo "2225"]
[BlackElo "2305"]

1. e4 c5 2. Nf3 Nc6 3. c3 Nf6 4. e5 Nd5 5. d4 cxd4 6. Bc4 Nb6 7. Bb3 d5 8. exd6
Qxd6 9. O-O Bf5 10. Nxd4 Nxd4 11. cxd4 e6 12. Nc3 Be7 13. Qf3 O-O 14. d5 Rad8
15. Be3 Qb8 16. Rad1 Bd6 17. h3 Kh8 18. Rfe1 Nd7 19. Nb5 Bb4 20. Bxa7 Qa8 21.
Re3 b6 22. dxe6 Qxf3 23. Rxf3 fxe6 24. g4 Ne5 25. Re3 Rxd1+ 26. Bxd1 Nc4 27. Rb3
Bc5 28. gxf5 Rxf5 29. Rf3 Rg5+ 30. Kh1 Ne5 31. Rc3 h5 32. Rxc5 bxc5 33. f4 Rf5
34. Bb8 Rxf4 35. Bxe5 Rf1+ 36. Kg2 Rxd1 37. a4 c4 38. Bc3 Kg8 39. a5 Ra1 40. Na3
Rd1 41. Nxc4 Rd7 42. Ne5 Rc7 43. Bd4 Rc2+ 44. Kg3 h4+ 45. Kxh4 Re2 46. Kg3 Re4
47. Nc6 e5 48. Bxe5 Rc4 49. Nb8 Rc5 50. Bc3 Rc8 51. Nd7 Kf7 52. Nb6 Rc7 53. Nd5
Rd7 54. Nf4 Rc7 55. h4 Rc6 56. h5 Rc7 57. Kg4 Rc6 58. Ng6 Rc7 59. Kg5 Kg8 60.
Ne5 Kh7 61. Bd4 g6 62. hxg6+ Kg8 63. a6 Rc8 64. a7 Rf8 65. b4 1-0

[Event "III Dolnoslaska Liga Szachowa 2017/2018"]
[Site "Dolny Slask"]
[Date "1899-12-30"]
[Round "9.28"]
[White "Kolasinski, Krzysztof"]
[Black "Helaszek, Edward"]
[Result "1-0"]
[WhiteTitle "I++"]
[BlackTitle "k"]
[WhiteElo "2055"]
[BlackElo "1996"]

1. d4 Nf6 2. c4 d6 3. Nc3 Nbd7 4. e4 e5 5. Nf3 Be7 6. Be2 O-O 7. O-O c6 8. h3 Re8
9. Be3 Bf8 10. Qc2 a5 11. a3 a4 12. Nd2 Qa5 13. f4 exd4 14. Bxd4 h6 15. Rae1 Nh7
16. Bd3 Nc5 17. e5 Nxd3 18. Qxd3 d5 19. cxd5 cxd5 20. Qb5 Bf5 21. g4 Qxb5 22.
Nxb5 Bd3 23. Nc7 Bxf1 24. Nxf1 b5 25. Ne3 b4 26. axb4 Bxb4 27. Rd1 Nf8 28. Nxa8
Rxa8 29. Nxd5 Ba5 30. Ra1 Rd8 31. Ne7+ Kh7 32. Be3 Rd3 33. Ra3 Rd1+ 34. Kf2 Bb4
35. Rxa4 Bxe7 36. Ra7 Rd7 37. Kf3 Rxa7 38. Bxa7 Ne6 39. Ke4 Bb4 40. h4 Kg8 41.
f5 Nc7 42. Bb6 Ne8 43. Kd5 Be7 44. Kc6 Kf8 45. Kd7 Bb4 46. Bd8 Bc5 47. f6 Bd4
48. Be7+ Kg8 49. Kxe8 Bxe5 50. g5 g6 51. h5 1-0

[Event "III Dolnoslaska Liga Szachowa 2017/2018"]
[Site "Dolny Slask"]
[Date "1899-12-30"]
[Round "9.29"]
[White "Korosciel, Aneta"]
[Black "Pawicka, Magdalena"]
[Result "1/2-1/2"]
[WhiteTitle "m"]
[BlackTitle "I"]
[WhiteElo "1993"]
[BlackElo "1768"]

1. d4 Nf6 2. Nf3 e6 3. Bf4 b6 4. e3 Bb7 5. Be2 Be7 6. h3 O-O 7. O-O d6 8. c4 Nbd7
9. Nc3 c5 10. Re1 d5 11. Rc1 Rc8 12. Nb5 a6 13. Nd6 Bxd6 14. Bxd6 Re8 15. cxd5
exd5 16. dxc5 Nxc5 17. Bh2 Nce4 18. Rxc8 Qxc8 19. Qb3 b5 20. Rd1 Qf5 21. Bd3 Qc8
22. Bb1 Qd7 23. Rc1 Rc8 24. Rxc8+ Qxc8 25. Qc2 Qxc2 26. Bxc2 Kf8 27. Kf1 Ke7 28.
Ke2 g6 29. Nd4 Nc5 30. f3 Ne6 31. Nb3 Ne8 32. Bg1 Nd6 33. Nd2 f5 34. a4 Bc6 35.
axb5 Bxb5+ 36. Bd3 Nc4 37. b3 Nxd2 38. Kxd2 Nc7 39. Bh2 Bxd3 40. Kxd3 Nb5 41.
h4 Kd7 42. Bf4 Kc6 43. Bh6 Kd7 44. Bf4 Kc6 45. Bh6 Kd7 46. Bf4 Kc6 47. Bh6 Kd7
1/2-1/2

[Event "III Dolnoslaska Liga Szachowa 2017/2018"]
[Site "Dolny Slask"]
[Date "1899-12-30"]
[Round "10.1"]
[White "Janocha, Wieslaw"]
[Black "Piotrowski, Przemyslaw"]
[Result "1/2-1/2"]
[WhiteTitle "FM"]
[BlackTitle "k+"]
[WhiteElo "2260"]
[BlackElo "2305"]

1. e4 c5 2. Nf3 Nc6 3. d4 cxd4 4. Nxd4 Nf6 5. Nc3 d6 6. Bc4 e6 7. Be3 a6 8. Qe2
Qc7 9. Bb3 b5 10. O-O-O Na5 11. g4 Bb7 12. Bxe6 fxe6 13. Nxe6 Qf7 14. Nd5 Rc8
15. Ng5 Qd7 16. Bd4 Be7 17. Rhe1 O-O 18. Nb6 Qxg4 19. Qxg4 Nxg4 20. Ne6 g6 21.
Nxc8 Rxc8 22. h3 Ne5 23. Bc3 Kf7 24. Bxa5 Kxe6 25. f4 Nc4 26. Bc3 Bh4 27. Re2
Rf8 28. b3 Nb6 29. Rxd6+ Kxd6 30. Bb4+ Ke6 31. Bxf8 Nd7 32. Ba3 Nf6 33. f5+ gxf5
34. exf5+ Kxf5 35. Re7 Be4 36. Ra7 Nd5 37. Bc5 Bg5+ 38. Kb2 Bf6+ 39. Kc1 Bg5+
40. Kb2 Bf6+ 41. Kc1 Bg5+ 1/2-1/2

[Event "III Dolnoslaska Liga Szachowa 2017/2018"]
[Site "Dolny Slask"]
[Date "1899-12-30"]
[Round "10.2"]
[White "Kanicki, Krzysztof"]
[Black "Holownia, Michal"]
[Result "1/2-1/2"]
[WhiteTitle "k"]
[BlackTitle "I+"]
[WhiteElo "2089"]
[BlackElo "1918"]

1. e4 e5 2. Nf3 Nc6 3. Bb5 a6 4. Ba4 Nf6 5. O-O b5 6. Bb3 Bc5 7. a4 Rb8 8. c3 d6
9. d4 Bb6 10. axb5 axb5 11. Na3 O-O 12. Nxb5 Bg4 13. Bc2 Re8 14. d5 Ne7 15. h3
Bh5 16. g4 Bg6 17. Qe2 Qd7 18. c4 Nxg4 19. hxg4 Qxg4+ 20. Kh2 Qh5+ 21. Kg2 Qg4+
22. Kh2 Qh5+ 23. Kg2 Qg4+ 1/2-1/2

[Event "III Dolnoslaska Liga Szachowa 2017/2018"]
[Site "Dolny Slask"]
[Date "1899-12-30"]
[Round "10.4"]
[White "Dytman, Radoslaw"]
[Black "Mazurek, Bartosz"]
[Result "1-0"]
[WhiteTitle "I"]
[BlackTitle "II+"]
[WhiteElo "1681"]
[BlackElo "1757"]

1. e4 c5 2. Nf3 d6 3. d4 cxd4 4. Nxd4 Nf6 5. Nc3 a6 6. Be2 e5 7. Nb3 Be7 8. Be3
O-O 9. g4 Be6 10. g5 Ne8 11. h4 Nc6 12. Qd2 Rc8 13. O-O-O Na5 14. Kb1 Nc4 15.
Bxc4 Bxc4 16. f4 Qc7 17. f5 d5 18. exd5 Bxb3 19. cxb3 Bb4 20. Rc1 Qd7 21. Qd3
Nd6 22. Rhf1 b5 23. Ne4 Rxc1+ 24. Bxc1 Rd8 25. a3 Nxe4 26. Qxe4 Bd6 27. Be3 Rc8
28. Rc1 Rxc1+ 29. Kxc1 Qc8+ 30. Qc2 Qxc2+ 31. Kxc2 f6 32. b4 Kf7 33. Kd3 Ke7 34.
Ke4 Kf7 35. h5 Ke7 36. Bc5 fxg5 37. h6 gxh6 38. f6+ Kd7 39. f7 Bxc5 40. bxc5 Ke7
41. c6 1-0

[Event "III Dolnoslaska Liga Szachowa 2017/2018"]
[Site "Dolny Slask"]
[Date "1899-12-30"]
[Round "10.5"]
[White "Daniel, Damian"]
[Black "Dobrowolski, Aleksander"]
[Result "1-0"]
[WhiteTitle "I++"]
[BlackTitle "m"]
[WhiteElo "2094"]
[BlackElo "2272"]

1. d4 Nf6 2. c4 g6 3. Nc3 Bg7 4. e4 d6 5. Nf3 O-O 6. h3 e5 7. d5 Nh5 8. g3 f5 9.
exf5 gxf5 10. Nh4 Nf6 11. Be2 Na6 12. Ng2 Nc5 13. Qc2 Nfe4 14. Nxe4 fxe4 15. Be3
Nd3+ 16. Bxd3 exd3 17. Qxd3 Bf5 18. Qd2 Be4 19. O-O Qd7 20. Kh2 c6 21. Nh4 Rf3
22. dxc6 bxc6 23. Nxf3 Bxf3 24. Bh6 Bf6 25. Qc3 Bh5 26. Rae1 Qe6 27. b3 d5 28.
cxd5 cxd5 29. Rc1 Be2 30. Rfe1 Bb5 31. Qf3 Bd7 32. Qh5 d4 33. Re4 Kh8 34. Rc5
d3 35. Bd2 Bc6 36. Rec4 Bd5 37. Rc7 Bg7 38. Rh4 Qg8 39. Bh6 Bf6 40. Qf5 1-0

[Event "III Dolnoslaska Liga Szachowa 2017/2018"]
[Site "Dolny Slask"]
[Date "1899-12-30"]
[Round "10.6"]
[White "Kwiecinski, Marian"]
[Black "Kowalczuk, Wojciech"]
[Result "0-1"]
[WhiteTitle "k"]
[BlackTitle "k"]
[WhiteElo "2177"]
[BlackElo "2043"]

1. e4 e5 2. f4 exf4 3. Bc4 Qh4+ 4. Kf1 g5 5. Nf3 Qh5 6. d4 d6 7. Nc3 c6 8. h4 h6
9. Kg1 g4 10. Nh2 Qxh4 11. Ne2 Qe7 12. c3 Nf6 13. Bxf4 Nxe4 14. Ng3 Nxg3 15. Bxg3
Qe3+ 16. Bf2 Qg5 17. Qe2+ Qe7 18. Qd2 d5 19. Bd3 Be6 20. Re1 Rg8 21. Nf1 Bg7 22.
Bh7 Rh8 23. Bf5 Nd7 24. Bxg4 O-O-O 25. Qf4 Qf6 26. Qxf6 Nxf6 27. Bxe6+ fxe6 28.
Rxe6 Rde8 29. Rxe8+ Rxe8 30. Ne3 Bf8 31. Rh3 Kd7 32. Kf1 Ne4 33. Be1 Ng5 34. Rg3
Bd6 35. Ke2 Bxg3 36. Bxg3 Re4 37. Bb8 a6 38. g3 h5 39. Bf4 Nf7 40. Kf3 Ke6 41.
Ng2 Kf6 42. Kf2 Ng5 43. Be5+ Kf5 44. Nh4+ Kg4 45. Ng2 Nh3+ 46. Kf1 Kf3 47. Nh4+
Kg4 48. Ng2 Ng5 49. Kf2 Rxe5 50. dxe5 Ne4+ 51. Kg1 Nxg3 52. e6 Ne4 53. e7 Nf6
54. Kf2 Kf5 55. Ke3 Ke6 56. e8=Q+ Nxe8 57. Nf4+ Ke5 58. Nxh5 Nf6 59. Ng3 Ne4 60.
Ne2 Nd6 0-1

[Event "III Dolnoslaska Liga Szachowa 2017/2018"]
[Site "Dolny Slask"]
[Date "1899-12-30"]
[Round "10.7"]
[White "Szmyd, Marek"]
[Black "Korosciel, Aneta"]
[Result "1/2-1/2"]
[WhiteTitle "k"]
[BlackTitle "m"]
[WhiteElo "1940"]
[BlackElo "1993"]

1. e4 d6 2. d4 Nf6 3. Nc3 c6 4. Nf3 Bg4 5. Be3 e6 6. h3 Bh5 7. g4 Bg6 8. Bd3 d5
9. Bg5 dxe4 10. Nxe4 Be7 11. Bxf6 Bxf6 12. Nxf6+ Qxf6 13. Ne5 Bxd3 14. Qxd3 Qf4
15. Qe3 Qxe3+ 16. fxe3 Ke7 17. O-O-O f6 18. Nf3 1/2-1/2

[Event "III Dolnoslaska Liga Szachowa 2017/2018"]
[Site "Dolny Slask"]
[Date "1899-12-30"]
[Round "10.8"]
[White "Lichwa, Przemyslaw"]
[Black "Borowski, Przemyslaw"]
[Result "1-0"]
[WhiteTitle "II"]
[BlackTitle "I"]
[WhiteElo "1456"]
[BlackElo "1797"]

1. e4 c6 2. d4 d5 3. e5 c5 4. c3 Nc6 5. Nf3 Bg4 6. Bb5 e6 7. Bg5 Qb6 8. Qb3 Bxf3
9. Bxc6+ Qxc6 10. gxf3 Ne7 11. O-O Nf5 12. Be3 f6 13. f4 Be7 14. Nd2 O-O 15. Qd1
Rf7 16. Nf3 Raf8 17. Kh1 Qc7 18. Rg1 fxe5 19. Nxe5 Rf6 20. Ng4 Rg6 21. Ne5 Rh6
22. Ng4 Rh4 23. Ne5 Bd6 24. Rg4 Rh3 25. Qe2 Rf6 26. Rag1 Rfh6 27. R1g2 cxd4 28.
Bxd4 g6 29. Nxg6 hxg6 30. Rxg6+ Rxg6 31. Rxg6+ Kh7 32. Qxe6 Nxd4 33. Qg8# 1-0

[Event "III Dolnoslaska Liga Szachowa 2017/2018"]
[Site "Dolny Slask"]
[Date "1899-12-30"]
[Round "10.9"]
[White "Czaplewska, Klara"]
[Black "Ogonowska, Katarzyna"]
[Result "0-1"]
[WhiteTitle "k+"]
[BlackTitle "I++"]
[WhiteElo "1897"]
[BlackElo "1847"]

1. e4 e5 2. Nf3 d6 3. Bc4 Bg4 4. c3 Bxf3 5. Qxf3 Qf6 6. Qe2 Ne7 7. d3 Ng6 8. O-O
Nd7 9. Be3 Be7 10. Qg4 h5 11. Qg3 h4 12. Qg4 Nf4 13. g3 hxg3 14. fxg3 Qh6 15.
h4 Nh3+ 16. Kg2 Qxe3 17. Bxf7+ Kd8 18. Qxh3 Nc5 19. Rf3 Qe2+ 20. Rf2 Qxd3 21.
Nd2 Nxe4 22. Nxe4 Qxe4+ 23. Kg1 Qe3 24. Kg2 g5 25. h5 Qe4+ 26. Kg1 g4 27. Qg2
Qxg2+ 28. Kxg2 Kd7 29. Bg6 Kc6 30. Rf7 Bg5 31. Rh1 Bh6 32. Rh4 Raf8 33. Rxg4 Rxf7
34. Bxf7 a5 35. Rg6 Bc1 36. g4 Bxb2 37. c4 Kc5 38. Kf3 Rf8 39. Ke2 Rxf7 40. h6
e4 41. g5 Bd4 42. Re6 Rf2+ 43. Ke1 Rg2 44. g6 Kxc4 45. g7 Kd3 0-1

[Event "III Dolnoslaska Liga Szachowa 2017/2018"]
[Site "Dolny Slask"]
[Date "1899-12-30"]
[Round "10.10"]
[White "Laszewicz, Pawel"]
[Black "Klykow, Lukasz"]
[Result "0-1"]
[WhiteTitle "k"]
[BlackTitle "k"]
[WhiteElo "2077"]
[BlackElo "2181"]

1. e4 e5 2. Nf3 Nc6 3. d4 exd4 4. Nxd4 Bc5 5. Nxc6 bxc6 6. Bd3 d5 7. O-O Nf6 8.
Bg5 dxe4 9. Bxe4 Qxd1 10. Rxd1 Bxf2+ 11. Kh1 Bd7 12. Nc3 O-O-O 13. Bxf6 gxf6 14.
Rd2 Bc5 15. Rf1 Be7 16. Rdf2 h5 17. a3 h4 18. h3 Rh5 19. Bd3 Be6 20. Ba6+ Kb8
21. Bd3 Kb7 22. Be4 Re5 23. Bd3 Re3 24. Rf3 Rxf3 25. Rxf3 Bd5 26. Rf4 Rh8 27.
Kg1 Rh6 28. Kf1 Bd6 29. Rg4 Rh8 30. Na4 a5 31. Bc4 Re8 32. Be2 Bg3 33. Nc5+ Ka7
34. Ra4 Bxg2+ 35. Kxg2 Rxe2+ 36. Kf3 Rf2+ 37. Ke3 Kb6 38. Rc4 Rh2 39. Na4+ Kb5
40. b3 Rxh3 41. Rc5+ Ka6 42. Rxc6+ Kb7 43. Rc4 Bd6+ 44. Kf2 Bxa3 45. Kg2 Rg3+
46. Kf2 Rh3 47. Kg2 Re3 48. Kf2 Re6 49. Rxh4 Rc6 50. c4 Rd6 51. Rh7 Rd2+ 52. Ke3
Rd7 53. Ke4 Re7+ 54. Kd3 f5 55. Rh5 f4 56. Rf5 Re3+ 0-1

[Event "III Dolnoslaska Liga Szachowa 2017/2018"]
[Site "Dolny Slask"]
[Date "1899-12-30"]
[Round "10.11"]
[White "Stelmaszuk, Maciej"]
[Black "Siembab, Bartosz"]
[Result "1-0"]
[WhiteTitle "I"]
[BlackTitle "k++"]
[WhiteElo "1929"]
[BlackElo "2252"]

1. d4 d5 2. c4 c6 3. Nc3 Nf6 4. Nf3 e6 5. e3 Bd6 6. Qc2 Nbd7 7. b3 O-O 8. Bb2 Qe7
9. Bd3 dxc4 10. bxc4 e5 11. O-O Re8 12. Ng5 exd4 13. exd4 Bxh2+ 14. Kh1 Bc7 15.
Bxh7+ Kh8 16. Ba3 c5 17. Bf5 b6 18. Qd3 g6 19. Be4 Rb8 20. Bd5 Kg7 21. Nxf7 Nxd5
22. Nxd5 Qxf7 23. Nxc7 Rh8+ 24. Kg1 Nf6 25. Qg3 Bf5 26. d5 a6 27. Bb2 b5 28. cxb5
axb5 29. Rfe1 Rb7 30. Ne6+ Kg8 31. Qe5 Qh7 32. f3 Qh1+ 33. Kf2 Qh4+ 34. Qg3 Qxg3+
35. Kxg3 Kf7 36. Ng5+ Kg7 37. Re3 Rf8 38. Rh1 Kg8 39. Ne6 Bxe6 40. Rxe6 Nh5+ 41.
Kf2 Rf5 42. g4 Rxd5 43. gxh5 Rd2+ 44. Re2 Rxe2+ 45. Kxe2 gxh5 46. Rxh5 1-0

[Event "III Dolnoslaska Liga Szachowa 2017/2018"]
[Site "Dolny Slask"]
[Date "1899-12-30"]
[Round "10.12"]
[White "Majocha, Piotr"]
[Black "Wrobel, Maciej"]
[Result "1/2-1/2"]
[WhiteTitle "I"]
[BlackTitle "I+"]
[WhiteElo "1902"]
[BlackElo "1974"]

1. Nf3 Nf6 2. d4 g6 3. g3 Bg7 4. Bg2 O-O 5. O-O d6 6. c4 Nbd7 7. Nc3 e5 8. dxe5
Nxe5 9. Nxe5 dxe5 10. b3 c6 11. Ba3 Re8 12. Qxd8 Rxd8 13. Rad1 Bf5 14. Be7 Re8
15. Bxf6 Bxf6 16. Ne4 Bxe4 17. Bxe4 Rad8 18. Bc2 Be7 19. Rxd8 Rxd8 20. Rd1 Rxd1+
21. Bxd1 Bc5 22. e4 Kf8 23. Bg4 Ke7 24. Bc8 b6 25. Kf1 Kd8 26. Bg4 Ke7 27. Bc8
Kd8 28. Bg4 Ke7 29. Bc8 Kd8 30. Bg4 1/2-1/2